| 000 | 00786nai a2200205Ia 4500 | ||
|---|---|---|---|
| 003 | IN-BaIIA | ||
| 008 | 211028c9999 xx s 000 0 eng d | ||
| 022 | _a1077-260X (Print) | ||
| 022 | _a1558-4542 (Online) | ||
| 040 | _cIIA Library | ||
| 245 | 0 |
_aIEEE Journal of Selected Topics in Quantum Electronics _h[eJournal] |
|
| 260 |
_aNew York, USA _bThe Institute of Electrical and Electronics Engineers, Inc. (IEEE) |
||
| 310 | _aBimonthly | ||
| 362 | _a1(1); 1995 - Present | ||
| 521 | _bSubscribed through National Knowledge Resource Consortium (NKRC) | ||
| 650 |
_a Photonics and Electrooptics _948840 |
||
| 650 | _aEngineered Materials, Dielectrics and Plasmas | ||
| 856 |
_uhttps://ieeexplore.ieee.org/servlet/opac?punumber=2944 _yClick Here to Access eJournal |
||
| 942 | _cEJ | ||
| 999 |
_c34526 _d34526 |
||